Selva lacandona (Record no. 9320)

MARC details
000 -CABECERA
campo de control de longitud fija 00856nam a2200277 a 4500
001 - NÚMERO DE CONTROL
campo de control BRL_508
005 - FECHA Y HORA DE LA ÚLTIMA TRANSACCIÓN
campo de control 20190320210756.0
008 - DATOS DE LONGITUD FIJA--INFORMACIÓN GENERAL
campo de control de longitud fija 230813s1998----mx-a######---#000-0#spa-#
020 ## - NÚMERO INTERNACIONAL ESTÁNDAR DEL LIBRO
Número Internacional Estándar del Libro 9686520260
041 ## - CÓDIGO DE LENGUA
Código de lengua del texto/banda sonora o título independiente spa
044 ## - CÓDIGO DEL PAÍS DE LA ENTIDAD EDITORA/PRODUCTORA
Código MARC del país mx
050 #4 - SIGNATURA TOPOGRÁFICA DE LA BIBLIOTECA DEL CONGRESO
Número de clasificación F1221.L2
Número de documento/Ítem .S45 1998
245 10 - MENCIÓN DE TÍTULO
Título Selva lacandona
Resto del título un paraíso en extinción
Mención de responsabilidad, etc. coord. Víctor Hugo Hernández Obregón y Edouard Adé Blanchard ; fotografías Rafael Doniz... [et al.]
250 ## - MENCIÓN DE EDICIÓN
Mención de edición 2
260 ## - PUBLICACIÓN, DISTRIBUCIÓN, ETC.
Lugar de publicación, distribución, etc. México
Nombre del editor, distribuidor, etc. Pulsar
Fecha de publicación, distribución, etc. 1998
300 ## - DESCRIPCIÓN FÍSICA
Extensión 159 p.
Otras características físicas il. a color.
Dimensiones 332 cm.
500 ## - NOTA GENERAL
Nota general Au536
500 ## - NOTA GENERAL
Nota general Bibliografía; p. 157
650 14 - PUNTO DE ACCESO ADICIONAL DE MATERIA--TÉRMINO DE MATERIA
Término de materia o nombre geográfico como elemento de entrada Lacandones
9 (RLIN) 23920
651 #4 - PUNTO DE ACCESO ADICIONAL DE MATERIA--NOMBRE GEOGRÁFICO
Nombre geográfico Selva Lacandona (México)
9 (RLIN) 24137
700 1# - PUNTO DE ACCESO ADICIONAL--NOMBRE DE PERSONA
Nombre de persona Hernández Obregón, Víctor Hugo
9 (RLIN) 24138
700 1# - PUNTO DE ACCESO ADICIONAL--NOMBRE DE PERSONA
Nombre de persona Adé Blanchard, Edouard
9 (RLIN) 24139
700 1# - PUNTO DE ACCESO ADICIONAL--NOMBRE DE PERSONA
Nombre de persona Doniz, Rafael
Término indicativo de función/relación il.
9 (RLIN) 24140
902 ## - CATALOGADOR
Iniciales GRL
942 ## - ELEMENTOS DE PUNTO DE ACCESO ADICIONAL (KOHA)
Fuente del sistema de clasificación o colocación Library of Congress Classification
Tipo de ítem Koha Libros
Holdings
Estado de retiro Estado de pérdida Estado dañado No para préstamo Localización permanente Ubicación/localización actual Fecha de adquisición Número de inventario Total de préstamos Signatura topográfica completa Código de barras Fecha visto por última vez Precio válido a partir de Tipo de ítem Koha
El ejemplar forma parte de la colección y puede ser consultado según las políticas vigentes.       Biblioteca Centro de Estudios Ruth D. Lechuga Biblioteca Centro de Estudios Ruth D. Lechuga 23/08/2013 Au536   F1221.L2 .S45 1998 (Au536) GRL00558 22/03/2019 22/03/2019 Libros